<?xml version="1.0" encoding="UTF-8"?>
<record
    xmlns:xsi="http://www.w3.org/2001/XMLSchema-instance"
    xsi:schemaLocation="http://www.loc.gov/MARC21/slim http://www.loc.gov/standards/marcxml/schema/MARC21slim.xsd"
    xmlns="http://www.loc.gov/MARC21/slim">

  <leader>02421cam a22003257a 4500</leader>
  <controlfield tag="001">16218249</controlfield>
  <controlfield tag="005">20130129141459.0</controlfield>
  <controlfield tag="008">100505s2011    moua     b    001 0 eng  </controlfield>
  <datafield tag="020" ind1=" " ind2=" ">
    <subfield code="a">0323069908</subfield>
  </datafield>
  <datafield tag="020" ind1=" " ind2=" ">
    <subfield code="a">9780323069908</subfield>
  </datafield>
  <datafield tag="040" ind1=" " ind2=" ">
    <subfield code="a">NLM</subfield>
    <subfield code="c">NLM</subfield>
    <subfield code="d">UKM</subfield>
    <subfield code="d">JAA</subfield>
    <subfield code="d">YDXCP</subfield>
    <subfield code="d">COU</subfield>
    <subfield code="d">NUI</subfield>
    <subfield code="d">VET</subfield>
    <subfield code="d">TULIB</subfield>
    <subfield code="d">DLC</subfield>
  </datafield>
  <datafield tag="082" ind1="0" ind2="4">
    <subfield code="a">617.692</subfield>
    <subfield code="2">22</subfield>
    <subfield code="b">MCC</subfield>
  </datafield>
  <datafield tag="100" ind1="1" ind2=" ">
    <subfield code="a">McCracken, William L.</subfield>
    <subfield code="9">30138</subfield>
  </datafield>
  <datafield tag="245" ind1="1" ind2="0">
    <subfield code="a">McCracken's Removable Partial Prosthodontics.</subfield>
  </datafield>
  <datafield tag="246" ind1="3" ind2="0">
    <subfield code="a">Removable partial prosthodontics</subfield>
  </datafield>
  <datafield tag="250" ind1=" " ind2=" ">
    <subfield code="a">12th ed. /</subfield>
    <subfield code="b">Alan B. Carr, David T. Brown.</subfield>
  </datafield>
  <datafield tag="260" ind1=" " ind2=" ">
    <subfield code="a">St. Louis, Mo.:</subfield>
    <subfield code="b">Elsevier Mosby,</subfield>
    <subfield code="c">c2011.</subfield>
  </datafield>
  <datafield tag="300" ind1=" " ind2=" ">
    <subfield code="a">xi, 385 p. :</subfield>
    <subfield code="b">ill. (chiefly col.) ;</subfield>
    <subfield code="c">29 cm.</subfield>
  </datafield>
  <datafield tag="504" ind1=" " ind2=" ">
    <subfield code="a">Includes bibliographical references (p. 349-370) and index.</subfield>
  </datafield>
  <datafield tag="505" ind1="0" ind2=" ">
    <subfield code="a">Partially edentulous epidemiology, physiology, and terminology -- Consideration for managing partial tooth loss : tooth replacements from the patient perspective -- Classification of partially edentulous arches -- Biomechanics of removable partial dentures -- Major and minor connectors -- Rests and rest seats -- Direct retainers -- Indirect retainers -- Denture base considerations -- Principles of removable partial denture design -- Surveying -- Diagnosis and treatment planning -- Preparation of the mouth for removable partial dentures -- Preparation of abutment teeth -- Impression materials and procedures for removable partial dentures -- Support for the distal extension denture base -- Occlusal relationships for removable partial dentures -- Laboratory procedures -- Work authorizations for removable partial dentures -- Initial placement, adjustment, and servicing of the removable partial denture -- Relining and rebasing the removable partial denture -- Repairs and additions to removable partial dentures -- Interim removable partial dentures -- Removable partial denture considerations in maxillofacial prosthetics -- Considerations for the use of dental implants with removable partial dentures.</subfield>
  </datafield>
  <datafield tag="541" ind1=" " ind2=" ">
    <subfield code="a">Donation from Baccah</subfield>
  </datafield>
  <datafield tag="650" ind1=" " ind2="0">
    <subfield code="a">Partial dentures, Removable.</subfield>
    <subfield code="9">30139</subfield>
  </datafield>
  <datafield tag="650" ind1="1" ind2="2">
    <subfield code="a">Denture, Partial, Removable.</subfield>
    <subfield code="9">30140</subfield>
  </datafield>
  <datafield tag="653" ind1=" " ind2=" ">
    <subfield code="b">Dent</subfield>
    <subfield code="c">June2012</subfield>
    <subfield code="c">January2013</subfield>
  </datafield>
  <datafield tag="700" ind1="1" ind2=" ">
    <subfield code="a">Brown, David T.</subfield>
    <subfield code="q">(David Theodore)</subfield>
    <subfield code="9">30141</subfield>
  </datafield>
  <datafield tag="700" ind1="1" ind2=" ">
    <subfield code="a">McCracken, William L.</subfield>
    <subfield code="t">Removable partial prosthodontics.</subfield>
    <subfield code="9">30142</subfield>
  </datafield>
  <datafield tag="942" ind1=" " ind2=" ">
    <subfield code="2">ddc</subfield>
    <subfield code="c">NRB</subfield>
  </datafield>
  <datafield tag="999" ind1=" " ind2=" ">
    <subfield code="c">16771</subfield>
    <subfield code="d">16771</subfield>
  </datafield>
  <datafield tag="952" ind1=" " ind2=" ">
    <subfield code="0">0</subfield>
    <subfield code="1">0</subfield>
    <subfield code="2">ddc</subfield>
    <subfield code="4">0</subfield>
    <subfield code="7">0</subfield>
    <subfield code="8">Donation-G</subfield>
    <subfield code="a">MAIN</subfield>
    <subfield code="b">MAIN</subfield>
    <subfield code="c">1ST</subfield>
    <subfield code="d">2012-06-18</subfield>
    <subfield code="e">Donation</subfield>
    <subfield code="g">450.00</subfield>
    <subfield code="h">15307</subfield>
    <subfield code="l">3</subfield>
    <subfield code="m">2</subfield>
    <subfield code="o">617.692 MCC</subfield>
    <subfield code="p">000026836</subfield>
    <subfield code="q">2025-01-18</subfield>
    <subfield code="r">2024-04-15 00:00:00</subfield>
    <subfield code="s">2024-04-15</subfield>
    <subfield code="y">BB</subfield>
  </datafield>
  <datafield tag="952" ind1=" " ind2=" ">
    <subfield code="0">0</subfield>
    <subfield code="1">0</subfield>
    <subfield code="2">ddc</subfield>
    <subfield code="4">0</subfield>
    <subfield code="7">0</subfield>
    <subfield code="8">Donation-G</subfield>
    <subfield code="a">MAIN</subfield>
    <subfield code="b">MAIN</subfield>
    <subfield code="c">1ST</subfield>
    <subfield code="d">2012-06-27</subfield>
    <subfield code="e">Donation</subfield>
    <subfield code="g">450.00</subfield>
    <subfield code="h">15360</subfield>
    <subfield code="l">6</subfield>
    <subfield code="m">24</subfield>
    <subfield code="o">617.692 MCC</subfield>
    <subfield code="p">000026882</subfield>
    <subfield code="r">2025-07-15 00:00:00</subfield>
    <subfield code="s">2022-02-17</subfield>
    <subfield code="y">BB</subfield>
  </datafield>
  <datafield tag="952" ind1=" " ind2=" ">
    <subfield code="0">0</subfield>
    <subfield code="1">0</subfield>
    <subfield code="2">ddc</subfield>
    <subfield code="4">0</subfield>
    <subfield code="7">0</subfield>
    <subfield code="8"> </subfield>
    <subfield code="a">MAIN</subfield>
    <subfield code="b">MAIN</subfield>
    <subfield code="c">1ST</subfield>
    <subfield code="d">2013-01-29</subfield>
    <subfield code="e">purchase</subfield>
    <subfield code="g">900.00</subfield>
    <subfield code="h">02516</subfield>
    <subfield code="l">3</subfield>
    <subfield code="m">23</subfield>
    <subfield code="o">617.692 MCC</subfield>
    <subfield code="p">000027921</subfield>
    <subfield code="q">2024-05-13</subfield>
    <subfield code="r">2023-12-03 00:00:00</subfield>
    <subfield code="s">2023-12-03</subfield>
    <subfield code="y">BB</subfield>
  </datafield>
</record>
